000 00659cam a2200145 4500500
005 20251228092848.0
041 _afre
042 _adc
100 1 0 _aViallet, Ludovic
_eauthor
245 0 0 _aSakralität zwischen Antike und Neuzeit, éd. Berndt HAMM, Klaus HERBERS, Heidrun STEIN-KECKS, Stuttgart, Franz Steiner Verlag, 2007 ; 1 vol. in-8o, 294 p. (Beiträge zur Hagiographie, 6). ISBN : 978-3-515-08903-6. Prix : € 42,00.
260 _c2012.
500 _a11
786 0 _nLe Moyen Age | CXVII | 3 | 2012-04-14 | p. 651zb-687zb | 0027-2841
856 4 1 _uhttps://shs.cairn.info/revue-le-moyen-age-2011-3-page-651zb?lang=fr&redirect-ssocas=7080
999 _c1603716
_d1603716